Coherence of Light /

Uloženo v:
Podrobná bibliografie
Hlavní autor: Perina, Jan (autor)
Médium: Kniha
Jazyk:angličtina
Vydáno: Londres, Inglaterra : Van Nostrand Reinhold, 1971, c1971
Edice:(Modern University Physics Series)
Témata:
Tagy: Přidat tag
Žádné tagy, Buďte první, kdo vytvoří štítek k tomuto záznamu!

MARC

LEADER 00000nam^a2200000^a^4500
001 000153224
005 20250521000000.0
009 20260310100312.444
020 |a 0-442-06342-3 
037 |a Acervo ITESO - Biblioteca 
041 |a ING 
082 |a 535. 2  |b PER 
100 |a Perina, Jan  |e (autor) 
245 1 0 |a Coherence of Light /  |c J. Perina. 
264 4 |a Londres, Inglaterra :  |b Van Nostrand Reinhold,  |c 1971, c1971 
300 |a 315 p. 
336 |a texto  |b txt  |2 rdacontenido 
337 |a sin mediación  |b n  |2 rdamedio 
338 |a volumen  |b nc  |2 rdasoporte 
440 1 |a (Modern University Physics Series) 
649 |a XX 
650 |a Luz 
650 |a Teoría Cuántica de los Campos 
650 |a Campos Electromagnéticos 
650 |a Teoría de Campos (Física) 
650 |a Electromagnetismo 
650 |a Optica 
650 |a Física 
600 |a Mecánica Cuántica 
910 |a Fondo General 
920 |a Impresos - Libros 
930 |a Colección General 
905 |a 101 
901 |a 0500081899  |b IT1  |c ACC  |u 20250521 
902 |a https://opac.biblio.iteso.mx/vufind/Record/000153224